|
|
|
|
| LEADER |
00000Cam#a2200000#a#4500 |
| 001 |
023110 |
| 005 |
20250214144319.0 |
| 008 |
110831s2005||||ag # g## #000|1#spa#d |
| 020 |
|
|
|a 9871158416
|
| 040 |
|
|
|a AR-BeUNQ
|
| 082 |
0 |
4 |
|a 863
|2 21
|
| 100 |
1 |
|
|a Posse, Daniel.
|
| 245 |
0 |
3 |
|a De sueños y azar :
|b relatos
|c Daniel Posse.
|
| 260 |
|
|
|a Buenos Aires :
|b Nuestra América,
|c 2005.
|
| 300 |
|
|
|a 142 p. ;
|c 20 cm.
|
| 650 |
|
7 |
|a Literatura (Arte)
|2 spines
|
| 650 |
|
7 |
|a Literatura argentina
|2 ttll
|
| 650 |
|
7 |
|a Relatos
|2 ttll
|
| 929 |
|
|
|a DONACION
|b Daniel Posse
|d 0,00
|e 20090302
|f PAT0027518
|g 1251 Exp. 827-0387/98
|j 46858
|
| 929 |
|
|
|a DONACION
|b Daniel Posse
|d 0,00
|e 20090302
|f PAT0027519
|g 1251 Exp. 827-0387/98
|j 46859
|
| 929 |
|
|
|a DONACION
|b Licenciatura en Comunicación Social
|e 20110811
|f PAT0039702
|g 1889 Exp. 827-0387/98
|j 46911
|
| 929 |
|
|
|a DONACION
|b Licenciatura en Comunicación Social
|e 20110811
|f PAT0039703
|g 1889 Exp. 827-0387/98
|j 46912
|
| 929 |
|
|
|a DONACION
|b Licenciatura en Comunicación Social
|e 20110811
|f PAT0039704
|g 1889 Exp. 827-0387/98
|j 46913
|
| 929 |
|
|
|a DONACION
|b Licenciatura en Comunicación Social
|e 20110811
|f PAT0039713
|g 1889 Exp. 827-0387/98
|j 46914
|
| 929 |
|
|
|a DONACION
|b Licenciatura en Comunicación Social
|e 20110811
|f PAT0039712
|g 1889 Exp. 827-0387/98
|j 46915
|
| 942 |
|
|
|c LIB
|n 0
|
| 999 |
|
|
|c 21944
|d 97331
|